000 00353nam a2200133Ia 4500
005 20260328101522.0
008 260328s9999||||xx |||||||||||||| ||und||
100 _aDer Horst, Jan Van
245 0 _aMovements in green :
_b Conceptual Landscape Gardening /
_cJan Van Der Horst
260 _bTerra
300 _a192 p.
650 _aPAISAJISMO
942 _cBK
999 _c9648
_d9648